[Event "Goch op 23rd"]
[Site "Goch"]
[Date "2012.09.01"]
[Round "5"]
[White "Werth, Marcus"]
[Black "Mueller, Hans Peter"]
[Result "1-0"]
[WhiteElo "1003"]
[BlackElo "1168"]
[PlyCount "39"]
[EventDate "2012.08.30"]
[EventType "swiss"]
[EventRounds "7"]
[EventCountry "GER"]
[SourceTitle "EXT 2015"]
[Source "ChessBase"]
[SourceDate "2014.11.20"]
[SourceVersion "1"]
[SourceVersionDate "2014.11.20"]
[SourceQuality "1"]

1. e4 c5 2. Nf3 Nf6 3. Nc3 Nc6 4. Bc4 e6 5. d4 cxd4 6. Nxd4 Bc5 7. Nxc6 bxc6 8. Bg5 0-0 9. e5 d5 10. exd6 Bxd6 11. 0-0 Be7 12. Qf3 h6 13. Be3 Bb7 14. Qg3 Kh8 15. Rad1 Qc8 16. f3 Nd5 17. Nxd5 cxd5 18. Bd4 Rg8 19. Qh3 dxc4 20. Qxh6# 1-0

[Event "Goch op 23rd"]
[Site "Goch"]
[Date "2012.08.30"]
[Round "1"]
[White "Maczkowiak, Thomas"]
[Black "Werth, Marcus"]
[Result "1-0"]
[WhiteElo "1946"]
[BlackElo "1003"]
[PlyCount "67"]
[EventDate "2012.08.30"]
[EventType "swiss"]
[EventRounds "7"]
[EventCountry "GER"]
[SourceTitle "EXT 2015"]
[Source "ChessBase"]
[SourceDate "2014.11.20"]
[SourceVersion "1"]
[SourceVersionDate "2014.11.20"]
[SourceQuality "1"]

1. Nf3 d5 2. c4 Nf6 3. g3 Nc6 4. Bg2 d4 5. b4 a6 6. a3 Ng4 7. d3 h6 8. Bb2 e5 9. b5 axb5 10. cxb5 Nb8 11. h3 Nf6 12. Nxe5 Bc5 13. 0-0 Nd5 14. Qc2 Qd6 15. Nc4 Qd7 16. Rc1 b6 17. Nbd2 Qe6 18. Nb3 Nd7 19. Nxd4 Bxd4 20. Bxd4 0-0 21. Ne3 Nxe3 22. Bxe3 Ra7 23. Qc4 Qe7 24. a4 Ne5 25. Qc3 Rd8 26. Bf4 f6 27. d4 Nf7 28. Bxc7 Re8 29. Bxb6 Rd7 30. e3 Nd6 31. Bc5 Rc7 32. Qb4 Rd8 33. b6 Rc6 34. Bxc6 1-0